Characteristics of modern production

Bibliographic Details
Main Author: Carroll, John M. [ (John Millar)] , 1950- (Author)
Format: Book
Published: New York : Alexander Hamilton Institute , c1977
Subjects:

MARC

LEADER 00000cam a2200000 7i4500
001 0000006586
005 20160727093000.0
008 021119s1977
090 0 0 |a HF5351   |b .M62 
100 0 |a Carroll, John M. [  |q (John Millar)] ,   |d 1950- ,   |e author 
245 1 0 |a Characteristics of modern production   |c John M Carroll 
260 2 |a New York :   |b Alexander Hamilton Institute ,   |c c1977 
300 |a 301, 22 p. ;   |c 22 cm. 
504 |a Includes index 
650 0 |a Manufacturing processes 
999 |a 1000033300   |b Book   |c Reference   |e Gong Badak Campus